• 首页
  • 本馆介绍
  • 公告通知
  • 最新文献
  • 馆藏检索
  • 电子资源
  • 读者导购
  • 参考咨询
  • 我的图书馆
  • 登录
  • 详细信息显示
  • 放入我的书架
  • 预约/预借图书
  • 作者相关作品
  • 分类相关作品
  • 丛书相关作品
  • 出版社相关作品

书目信息

  • 表格格式
  • 工作单格式
  • 卡片格式
题名:
千年末世之乱
    
 
作者: 韩书瑞 著 ;陈仲丹 译
分册:  
出版信息: 南京   江苏人民出版社  2012.01
页数: 322页
开本: 23cm
丛书名: 海外中国研究丛书
单 册:
中图分类: K249.201
科图分类:
主题词: 白莲教起义--研究--中国 , 白莲教起义
电子资源:
ISBN: 978-7-214-06836-1
000 01304oam2 2200301 450
001 005205381
005 20120612091340.50
010    @a978-7-214-06836-1@dCNY29.00
100    @a20120405d2012 em y0chiy50 ea
101 1  @achi@ceng
102    @aCN@b320000
105    @ab z 001yy
106    @ar
200 1  @a千年末世之乱@9qian nian mo shi zhi luan@e1813年八卦教起义@dMillenarian rebellion in China@ethe Eight Trigrans Uprising of 1813@f(美)韩书瑞著@g陈仲丹译@zeng
210    @a南京@c江苏人民出版社@d2012.01
215    @a322页@c地图@d23cm
225 2  @a海外中国研究丛书
330    @a本书详细探讨了白莲教的信仰、其内部组织和教派活动。作者描绘了这些通常只是关注日常宗教事务的孤立小教派是如何转变为一场宣称千年王国到来的反叛运动的,以及他们如何竭力挑战现存的政府,宣布一个“无穷富贵”时代的降临,而最终归于失败。
461  0 @12001 @a海外中国研究丛书@1701 0@a刘东@4主编
510 1  @aMillenarian rebellion in China@ethe Eight Trigrans Uprising of 1813@zeng
517 1  @a1813年八卦教起义@91813 nian ba gua jiao qi yi
606 0  @a白莲教起义@x研究@y中国
606 0  @a白莲教起义
690    @aK249.201@v5
701  0 @c(美)@a韩书瑞@9han shu rui@c(女,Naquin, Susan)@4著
702  0 @a陈仲丹@9chen zhong dan@f(1956-)@4译
801  0 @aCN@bNLC@c20120405
905    @b539696-700@dK249.201@e94@f5
    
    千年末世之乱:1813年八卦教起义=Millenarian rebellion in China:the Eight Trigrans Uprising of 1813/(美)韩书瑞著/陈仲丹译.-南京:江苏人民出版社,2012.01
    322页:地图;23cm.-(海外中国研究丛书)
    
    
    ISBN 978-7-214-06836-1:CNY29.00
    本书详细探讨了白莲教的信仰、其内部组织和教派活动。作者描绘了这些通常只是关注日常宗教事务的孤立小教派是如何转变为一场宣称千年王国到来的反叛运动的,以及他们如何竭力挑战现存的政府,宣布一个“无穷富贵”时代的降临,而最终归于失败。
●
相关链接 在E读中查询图书 在五车中查询图书 在当当中查询图书 在豆瓣中查询图书


正题名:千年末世之乱     索取号:K249.201/94         预约/预借

序号 登录号 条形码 馆藏地/架位号 状态 备注
1 539696   205396962   第二样本阅览室/ [索取号:K249.201/94] 在馆    
2 539697   205396971   密集书库-史法系/ [索取号:K249.201/94] 在馆    
3 539698   205396980   第二借阅区/ [索取号:K249.201/94] 在馆    
4 539699   205396999   第二借阅区/ [索取号:K249.201/94] 在馆    
5 539700   205397006   第二借阅区/ [索取号:K249.201/94] 在馆    
唐山师范学院图书馆 欢迎您!
大连网信软件有限公司© 版权所有